[Event "GER-ch Net Amateur Gr-A Vor3"]
[Site "Playchess.com INT"]
[Date "2020.04.16"]
[Round "3"]
[White "Buchal, Stephan"]
[Black "Ehrlich, Kay"]
[Result "1-0"]
[WhiteElo "2094"]
[BlackElo "1854"]
[PlyCount "113"]
[EventDate "2020.04.16"]
[EventType "swiss (blitz)"]
[EventRounds "9"]
[EventCountry "GER"]
[SourceTitle "CBM 195 Extra"]
[Source "ChessBase"]
[SourceDate "2020.05.31"]
[SourceVersion "1"]
[SourceVersionDate "2020.05.31"]
[SourceQuality "1"]

1. c4 Nf6 2. g3 g6 3. b3 Bg7 4. Bb2 c6 5. Bg2 0-0 6. Nf3 a6 7. 0-0 b5 8. d3 bxc4 9. bxc4 Qb6 10. Qc2 d6 11. Nbd2 Bg4 12. Rab1 Qc7 13. h3 Bf5 14. e4 Bd7 15. e5 Nh5 16. exd6 exd6 17. Bxg7 Kxg7 18. Ne4 f5 19. Qc3+ Kg8 20. Ned2 Be8 21. Rfe1 Bf7 22. c5 Bxa2 23. Rb2 Bd5 24. Nd4 Bxg2 25. Ne6 Qf7 26. Kxg2 Re8 27. Qb3 d5 28. Ng5 Qf8 29. Rxe8 Qxe8 30. Ngf3 Nd7 31. Qc3 Qe7 32. d4 Rb8 33. Rxb8+ Nxb8 34. Ne5 Nf6 35. Qa5 Nfd7 36. Ndf3 Nxe5 37. Nxe5 Kf8 38. Qb6 Qe8 39. Qxb8 Qxb8 40. Nd7+ Ke7 41. Nxb8 a5 42. Nxc6+ Kd7 43. Nxa5 Kc7 44. Kf3 Kb8 45. Kf4 Kc7 46. Ke5 Kb8 47. Kxd5 h5 48. c6 g5 49. Kd6 g4 50. h4 f4 51. c7+ Kc8 52. Nc6 fxg3 53. Ne7+ Kb7 54. c8Q+ Kb6 55. Qb8+ Ka5 56. Kc5 Ka4 57. Qb4# 1-0

[Event "GER-ch Net Amateur Gr-A Vor1"]
[Site "Playchess.com INT"]
[Date "2020.04.14"]
[Round "7"]
[White "Ehrlich, Kay"]
[Black "Wehrle, Uwe"]
[Result "1-0"]
[WhiteElo "1704"]
[BlackElo "1834"]
[PlyCount "135"]
[EventDate "2020.04.14"]
[EventType "swiss (blitz)"]
[EventRounds "9"]
[EventCountry "GER"]
[SourceTitle "EXT 2021"]
[Source "ChessBase"]
[SourceDate "2020.10.23"]
[SourceVersion "1"]
[SourceVersionDate "2020.10.23"]
[SourceQuality "1"]

1. e4 c6 2. d4 d5 3. exd5 cxd5 4. Bd3 g6 5. Nf3 Bg7 6. 0-0 Nh6 7. c3 f6 8. Re1 Nf7 9. Bf4 0-0 10. Qd2 Nc6 11. Na3 e5 12. dxe5 fxe5 13. Bg5 Nxg5 14. Nxg5 Bh6 15. h4 e4 16. Bc2 Bxg5 17. hxg5 Rf5 18. Rad1 Be6 19. Bb3 Qxg5 20. Qxg5 Rxg5 21. Nb5 Rd8 22. Nd4 Nxd4 23. Rxd4 Re8 24. Red1 Rd8 25. Rxe4 Kf7 26. Red4 b5 27. a4 a6 28. axb5 axb5 29. Rb4 Rb8 30. g3 Ke7 31. Kg2 Re5 32. Rd2 Re4 33. Rxe4 dxe4 34. Bxe6 Kxe6 35. Re2 Kd5 36. Rd2+ Ke5 37. Kf1 Rb7 38. Ke2 h5 39. Ke3 b4 40. c4 Rf7 41. Rd5+ Ke6 42. Kxe4 Rxf2 43. b3 Re2+ 44. Kf3 Rc2 45. Rd3 Ke5 46. Ke3 g5 47. Kf3 Rc3 48. Ke3 Rxd3+ 49. Kxd3 h4 50. Ke3 h3 51. Kf2 Kd4 52. g4 Ke4 53. Kg3 Kd3 54. Kxh3 Kc3 55. Kg3 Kxb3 56. c5 Ka2 57. c6 b3 58. c7 b2 59. c8Q b1Q 60. Qa6+ Kb2 61. Qb6+ Kc2 62. Qxb1+ Kxb1 63. Kf3 Kc2 64. Ke4 Kd2 65. Kf5 Kd3 66. Kxg5 Kd4 67. Kf6 Kd5 68. g5 1-0

[Event "GER-ch Net Amateur Gr-A Vor1"]
[Site "Playchess.com INT"]
[Date "2020.04.14"]
[Round "6"]
[White "Hahn, Markus"]
[Black "Ehrlich, Kay"]
[Result "1-0"]
[WhiteElo "1876"]
[BlackElo "1745"]
[PlyCount "99"]
[EventDate "2020.04.14"]
[EventType "swiss (blitz)"]
[EventRounds "9"]
[EventCountry "GER"]
[SourceTitle "EXT 2021"]
[Source "ChessBase"]
[SourceDate "2020.10.23"]
[SourceVersion "1"]
[SourceVersionDate "2020.10.23"]
[SourceQuality "1"]

1. d4 Nf6 2. c4 g6 3. Nf3 Bg7 4. Nc3 0-0 5. e4 d6 6. h3 e5 7. d5 a5 8. Bg5 h6 9. Be3 Na6 10. Be2 b6 11. g4 Nc5 12. Nd2 Nfd7 13. h4 a4 14. h5 g5 15. f3 Bb7 16. Nf1 Qe7 17. Ng3 Rfb8 18. Kf2 Qd8 19. Qc2 Bf8 20. b4 axb3 21. axb3 Rxa1 22. Rxa1 Ra8 23. Ra2 Rxa2 24. Qxa2 Qa8 25. Qxa8 Bxa8 26. b4 Na6 27. Na2 c6 28. dxc6 Bxc6 29. b5 Bxb5 30. cxb5 Nac5 31. Nb4 Kg7 32. Nf5+ Kg8 33. Nd5 Nb3 34. Nxb6 Nxb6 35. Bxb6 d5 36. exd5 Nc5 37. d6 Nd7 38. Bc7 f6 39. Bc4+ Kh7 40. b6 Nc5 41. Ke3 e4 42. fxe4 Nb7 43. Kd4 Nxd6 44. Bxd6 Bg7 45. b7 Bf8 46. Bxf8 Kh8 47. Bf7 Kh7 48. Bg6+ Kh8 49. Bg7+ Kg8 50. b8Q# 1-0

[Event "Leipzig VfB op 25th"]
[Site "Leipzig"]
[Date "2018.03.24"]
[Round "7"]
[White "Ehrlich, Kay"]
[Black "Diller, Peter"]
[Result "1/2-1/2"]
[WhiteElo "2029"]
[BlackElo "1966"]
[PlyCount "99"]
[EventDate "2018.03.20"]
[EventType "swiss"]
[EventRounds "9"]
[EventCountry "GER"]
[SourceTitle "CBM 183 Extra"]
[Source "ChessBase"]
[SourceDate "2018.04.19"]
[SourceVersion "1"]
[SourceVersionDate "2018.04.19"]
[SourceQuality "1"]

1. e4 e6 2. d4 d5 3. Nd2 c5 4. exd5 exd5 5. Ngf3 Nc6 6. Bb5 Bd6 7. dxc5 Bxc5 8. 0-0 Nge7 9. Re1 0-0 10. Nb3 Bd6 11. Bd3 f6 12. Nfd4 Ne5 13. f4 Nxd3 14. Qxd3 Re8 15. Bd2 Bg4 16. Kh1 Rc8 17. h3 Bh5 18. Ne6 Qd7 19. g4 Bf7 20. Nbd4 Nc6 21. f5 Be5 22. Bc3 Nxd4 23. Nxd4 Rc4 24. Rad1 Qc8 25. Nb5 d4 26. Nxd4 Bd5+ 27. Nf3 Bxf3+ 28. Qxf3 h6 29. Bxe5 fxe5 30. Qd5+ Kh7 31. c3 e4 32. Qd7 Qb8 33. f6 Rc7 34. Qf5+ g6 35. Rd7+ Kh8 36. Qd5 Qc8 37. Rxc7 Qxc7 38. Rxe4 Rd8 39. f7 Kh7 40. Qe5 Qxf7 41. Rf4 Rd1+ 42. Kh2 Qd7 43. Rf2 Rd2 44. Qf4 Rxf2+ 45. Qxf2 Qd6+ 46. Kg2 Qd5+ 47. Qf3 Qd2+ 48. Qf2 Qd5+ 49. Kg1 Qxa2 50. Qd2 1/2-1/2

[Event "Leipzig VfB op 23rd"]
[Site "Leipzig"]
[Date "2016.03.16"]
[Round "2"]
[White "Richter, Leonard"]
[Black "Ehrlich, Kay"]
[Result "1/2-1/2"]
[WhiteElo "2294"]
[BlackElo "2027"]
[PlyCount "98"]
[EventDate "2016.03.15"]
[EventType "swiss"]
[EventRounds "9"]
[EventCountry "GER"]
[SourceTitle "EXT 2017"]
[Source "ChessBase"]
[SourceDate "2016.10.25"]
[SourceVersion "1"]
[SourceVersionDate "2016.10.25"]
[SourceQuality "1"]

1. e4 c5 2. Nf3 d6 3. d4 cxd4 4. Nxd4 Nf6 5. Nc3 a6 6. Bg5 e6 7. f4 Be7 8. Qf3 Qc7 9. 0-0-0 Nbd7 10. Bd3 h6 11. Bh4 g5 12. fxg5 Ne5 13. Qe2 Nfg4 14. Nf3 hxg5 15. Bg3 Bd7 16. h3 Nxf3 17. hxg4 Nh4 18. e5 d5 19. Bh2 0-0-0 20. Nxd5 exd5 21. e6 Bd6 22. Bxd6 Qxd6 23. exd7+ Kb8 24. Kb1 Rxd7 25. Qe3 Rg8 26. g3 Re7 27. Qf2 Ng6 28. Bc4 Qb4 29. Bxd5 Qxg4 30. Rd4 Qc8 31. Bxf7 Rf8 32. Qf6 Rexf7 33. Qxg6 Qf5 34. Qd6+ Ka8 35. Rd5 Qxd5 36. Qxd5 Rf1+ 37. Qd1 Rxd1+ 38. Rxd1 Rf3 39. Rg1 g4 40. Kc1 Kb8 41. Kd2 Kc7 42. Ke2 Kc6 43. a3 Kc5 44. Rf1 Rxg3 45. Rf5+ Kc6 46. Kf2 Rh3 47. Kg2 Re3 48. Kf2 Rh3 49. Kg2 Re3 1/2-1/2

[Event "Leutersdorf Muench Braeu op 12th"]
[Site "Leutersdorf"]
[Date "2007.02.11"]
[Round "4"]
[White "Hermanowicz, Dominika"]
[Black "Ehrlich, Kay"]
[Result "1/2-1/2"]
[WhiteElo "2079"]
[BlackElo "1905"]
[PlyCount "76"]
[EventDate "2007.02.10"]
[EventType "swiss"]
[EventRounds "7"]
[EventCountry "GER"]
[SourceTitle "EXT 2008"]
[Source "ChessBase"]
[SourceDate "2007.11.25"]
[SourceVersion "1"]
[SourceVersionDate "2007.11.25"]
[SourceQuality "1"]

1. e4 c5 2. Nf3 d6 3. d4 cxd4 4. Nxd4 Nf6 5. Nc3 a6 6. Be3 e5 7. Nb3 Be6 8. f4 exf4 9. Bxf4 Nc6 10. Qd2 Be7 11. 0-0-0 Ne5 12. h3 0-0 13. g4 Rc8 14. Be2 b5 15. Qe3 Qc7 16. g5 Nfd7 17. Nd4 b4 18. Nd5 Bxd5 19. exd5 Rfe8 20. Qf2 Bf8 21. Kb1 Qb6 22. Qg2 Nc4 23. Bc1 Nde5 24. h4 a5 25. h5 a4 26. g6 Rc7 27. gxh7+ Kh8 28. Rhe1 Na3+ 29. bxa3 bxa3+ 30. Nb3 axb3 31. cxb3 Rc3 32. Bxa3 Ra8 33. Kb2 Qa5 34. Bxd6 Rcc8 35. a3 Qc3+ 36. Ka2 Qc2+ 37. Ka1 Qc3+ 38. Ka2 Qc2+ 1/2-1/2

[Event "Sachsen-ch U16"]
[Site "Sebnitz"]
[Date "2006.04.19"]
[Round "4"]
[White "Ehrlich, Kay"]
[Black "Rudolf, Sebastian"]
[Result "0-1"]
[WhiteElo "1862"]
[BlackElo "1989"]
[PlyCount "70"]
[EventDate "2006.04.18"]
[EventType "swiss"]
[EventRounds "7"]
[EventCountry "GER"]
[SourceTitle "EXT 2007"]
[Source "ChessBase"]
[SourceDate "2006.11.23"]
[SourceVersion "1"]
[SourceVersionDate "2006.11.23"]
[SourceQuality "1"]

1. e4 c5 2. Nf3 Nc6 3. d4 cxd4 4. Nxd4 Nf6 5. Nc3 e5 6. Ndb5 d6 7. Bg5 a6 8. Na3 b5 9. Nd5 Be7 10. Bxf6 Bxf6 11. c3 Bg5 12. Nc2 0-0 13. Bd3 Ne7 14. Nce3 Bb7 15. 0-0 Bxe3 16. Nxe3 d5 17. Qc2 f5 18. exd5 e4 19. Be2 f4 20. d6 Qxd6 21. Qb3+ Kh8 22. Nc2 f3 23. Rfd1 Bd5 24. Rxd5 Nxd5 25. Bf1 fxg2 26. Bxg2 Nf4 27. Ne3 Qg6 28. Kf1 Qh5 29. Qd1 Qxh2 30. Qg4 Nd3 31. Nf5 g6 32. Qxe4 Rad8 33. Rd1 gxf5 34. Qe7 Qe5 35. Qh4 Qf4 0-1

[Event "Sachsen-ch U16"]
[Site "Sebnitz"]
[Date "2006.04.18"]
[Round "2"]
[White "Ehrlich, Kay"]
[Black "Loose, Alexander"]
[Result "1-0"]
[WhiteElo "1862"]
[BlackElo "1428"]
[PlyCount "119"]
[EventDate "2006.04.18"]
[EventType "swiss"]
[EventRounds "7"]
[EventCountry "GER"]
[SourceTitle "EXT 2007"]
[Source "ChessBase"]
[SourceDate "2006.11.23"]
[SourceVersion "1"]
[SourceVersionDate "2006.11.23"]
[SourceQuality "1"]

1. e4 e5 2. Nf3 Nc6 3. Bb5 Bc5 4. 0-0 d6 5. h3 Nf6 6. Re1 0-0 7. c3 a6 8. Ba4 h6 9. d4 exd4 10. cxd4 Bb4 11. Bd2 Bxd2 12. Qxd2 Bd7 13. Nc3 Ne7 14. Bb3 Be6 15. d5 Bd7 16. Rad1 Ng6 17. Nh2 Nh5 18. Bc2 f5 19. exf5 Bxf5 20. Bxf5 Rxf5 21. Qc2 Qf6 22. Ng4 Qf7 23. Re3 Ne5 24. Nxe5 Rxe5 25. Rxe5 dxe5 26. Qe4 Qf4 27. g3 Qxe4 28. Nxe4 Nf6 29. Nc5 Rd8 30. Nxb7 Rxd5 31. Rxd5 Nxd5 32. Nc5 a5 33. Nb7 a4 34. Nc5 Nb6 35. Kf1 Kf7 36. Ke2 Ke7 37. Kd3 Kd6 38. Ne4+ Kc6 39. Nc3 Kd6 40. Ke4 c6 41. Kf5 Ke7 42. Ne4 Nc4 43. b3 axb3 44. axb3 Na5 45. Nd2 Nb7 46. Kxe5 Nc5 47. Kd4 Ne6+ 48. Kc4 Kd6 49. f4 g6 50. Ne4+ Ke7 51. Nc5 Ng7 52. g4 h5 53. Kd4 hxg4 54. hxg4 Kd6 55. Ne4+ Ke6 56. Kc5 Kd7 57. Kb6 Ne6 58. Nc5+ Nxc5 59. Kxc5 Kc7 60. f5 1-0